Изучение возможности увеличения теплопроводности керамического топлива; VI Школа-конференция молодых атомщиков Сибири

Bibliografiske detaljer
Parent link:VI Школа-конференция молодых атомщиков Сибири.— 2015.— [С. 88]
Hovedforfatter: Колядко Д. К. Даниил Константинович
Institution som forfatter: Национальный исследовательский Томский политехнический университет (ТПУ) Физико-технический институт (ФТИ) Кафедра физико-энергетических установок (№ 21) (ФЭУ)
Summary:Заглавие с титульного экрана
Sprog:russisk
Udgivet: 2015
Serier:Перспективные направления развития ядерной энергетики. Ядерные технологии в инновационной экономике и ядерной медицине
Fag:
Online adgang:http://earchive.tpu.ru/handle/11683/22343
http://www.lib.tpu.ru/fulltext/c/2015/C63/070.pdf
Format: MixedMaterials Electronisk Book Chapter
KOHA link:https://koha.lib.tpu.ru/cgi-bin/koha/opac-detail.pl?biblionumber=615745

MARC

LEADER 00000naa2a2200000 4500
001 615745
005 20231101132856.0
035 |a (RuTPU)RU\TPU\conf\13960 
035 |a RU\TPU\conf\13958 
090 |a 615745 
100 |a 20151118d2015 k y0rusy50 ca 
101 0 |a rus 
102 |a RU 
105 |a y z 101zy 
135 |a drcn ---uucaa 
181 0 |a i  
182 0 |a b 
200 1 |a Изучение возможности увеличения теплопроводности керамического топлива  |f Д. К. Колядко 
203 |a Текст  |c электронный 
225 1 |a Перспективные направления развития ядерной энергетики. Ядерные технологии в инновационной экономике и ядерной медицине 
230 |a 1 компьютерный файл (pdf; 187 Кb) 
300 |a Заглавие с титульного экрана 
320 |a [Библиогр.: с. 88 (3 назв.)] 
337 |a Adobe Reader 
463 0 |0 (RuTPU)RU\TPU\conf\13155  |t VI Школа-конференция молодых атомщиков Сибири  |o сборник тезисов докладов, 14-16 октября 2015 г., г. Томск  |f Росатом ; Томская область, Администрация ; Сибирский химический комбинат (СХК) ; Национальный исследовательский Томский политехнический университет (ТПУ) ; Национальный исследовательский ядерный университет "МИФИ", Северский технологический институт (СТИ)  |v [С. 88]  |d 2015 
610 1 |a труды учёных ТПУ 
610 1 |a электронный ресурс 
610 1 |a теплопроводность 
610 1 |a керамическое топливо 
610 1 |a оксидное топливо 
610 1 |a топливные таблетки 
610 1 |a газообразные продукты 
700 1 |a Колядко  |b Д. К.  |c специалист в области ядерных технологий  |c техник Томского политехнического университета  |g Даниил Константинович  |2 stltpush  |3 (RuTPU)RU\TPU\pers\34914 
712 0 2 |a Национальный исследовательский Томский политехнический университет (ТПУ)  |b Физико-технический институт (ФТИ)  |b Кафедра физико-энергетических установок (№ 21) (ФЭУ)  |h 48  |2 stltpush  |3 (RuTPU)RU\TPU\col\18730 
801 2 |a RU  |b 63413507  |c 20210216  |g RCR 
856 4 |u http://earchive.tpu.ru/handle/11683/22343 
856 4 |u http://www.lib.tpu.ru/fulltext/c/2015/C63/070.pdf 
942 |c BK